| 000 | 02458cam0 2200433 ib4500 | ||
|---|---|---|---|
| 001 | BY-BR0000-br305317 | ||
| 005 | 20260120094440.0 | ||
| 010 |
^a5-08-002299-X ^bв переплете |
||
| 100 | ^a20240313d1992 c y0rusy50 ca | ||
| 101 | 1 |
^arus ^cger |
|
| 102 | ^aRU | ||
| 105 | ^aa z 000ay | ||
| 109 | ^ama | ||
| 200 | 1 |
^aАдам, Сюзанна и другие герои ^eповести ^e[для младшего возраста] ^eперевод с немецкого ^fсоставитель и автор предисловия П. Л. Френкель ^gхудожник Е. Черная |
|
| 210 |
^aМосква ^cДетская литература ^d1992 |
||
| 215 |
^a140, [4] с. ^cцв. ил. ^d26 см |
||
| 327 | 1 | ^aСодержание: Сюзанна и семьсот тысяч гномов... / Э. Цопфи . Помни про секрет, Нелли! / Э. Хаслер . Разные случаи из жизни Адама-простака / Х. Манц | |
| 345 | ^9100 000 экз. | ||
| 464 | 1 |
^12001 ^aСюзанна и семьсот тысяч гномов... ^fЭ. Цопфи |
|
| 464 | 1 |
^12001 ^aПомни про секрет, Нелли! ^fЭ. Хаслер |
|
| 464 | 1 |
^12001 ^aРазные случаи из жизни Адама-простака ^fХ. Манц |
|
| 606 |
^aХУДОЖЕСТВЕННАЯ ЛИТЕРАТУРА ^3BY-NLB-ar37179 ^2DVNLB |
||
| 606 |
^aЗАРУБЕЖНАЯ ЛИТЕРАТУРА ^3BY-NLB-ar10779 ^2DVNLB |
||
| 608 |
^aДЕТСКАЯ И ЮНОШЕСКАЯ ЛИТЕРАТУРА (художеств. произведение) ^3BY-NLB-ar9019 ^2BYGNR |
||
| 608 |
^aПОВЕСТЬ ^3BY-NLB-ar23936 ^2BYGNR |
||
| 686 |
^a84(4Шва)-4 ^2rubbk |
||
| 690 |
^a1 ^2Base ^9BY-MI0021 ^xRSEK |
||
| 702 | 1 |
^aФренкель ^bП. Л. ^gПавел Львович ^cписатель ^fрод. 1946 ^3BY-SEK-233983 ^4220 ^4080 |
|
| 702 | 1 |
^aЧерная ^bЕ. ^3BY-SEK-246445 ^4440 |
|
| 801 | 0 |
^aBY ^bBY-BR0000 ^c20240313 ^gRCR |
|
| 801 | 2 |
^aBY ^bBY-MI0021 ^c20260112 ^gRCR |
|
| 035 | ^a(BY-MI0021)BY-BR0000-br305317 | ||
| 899 | 0 |
^aBY-MI0021 ^iА28 ^h84(4Шва) |
|